000
00365nam a2200133Ia 4500
008
151001s9999||||xx |||||||||||||| ||und||
100
_a
भाऊ पाध्ये
245
_a
वासूनाका
250
_a
5
260
_b
पॉप्युलर प्रकाशन मुंबई
260
_c
1995
300
_a
122
365
_b
18
999
_c
971974
_d
971971